1857 2000 1940 1324 1008 1531 1397 1482 1576 1673 1638 1153 1081 1104 1463 1246 1984 1986 1913 1488 1975 1514 1701 1269 1310 1073 1319 1701 1583 1257 1099 1366 1750 1006 1661 1584 1514 1006 1094 1491 1217 1354 1792 1938 1860 1421 1700 1041 1139 1111 1543 1436 1794 1272 1719 1294 1328 1472 1702 1494 1606 1520 1704 1754 1610 1644 1561 1211 1523 1244 1247 1177 1187 1695 1059 1450 1104 1971 1532 1651 1590 1296 1375 1506 1991 1141 1289 1813 1969 1365 1696 1694 1786 1608 1388 1460 1554 1129 1263 BCNSPRNW ULIB Ver.6.0+V

เปลี่ยนเป็นภาษาไทย

Change to English
 แสดงรายละเอียดบรรณานุกรม
  กลับหน้าหลัก

Brief Record : Get Marc (ISO 2709) : E-mail record : QR code < ปิดหน้าต่าง
LEADER : 00000nam 2200000uu 4500
001    13399125090
003     ULIB
008    160620s2558||||th 000 0 tha d
020    ^a9786167136714
050  4 ^aHA62^bอ399ส
100 0  ^aอรุณ จิรวัฒน์กุล
245 10 ^aสถิติในงานวิจัย : เลือกใช้อย่างไรให้เหมาะสม =^bStatistics inresearch : appropriate selection /^cอรุณ จิรวัฒน์กุล
246 31 ^aStatistics in research : appropriate selection
250    ^aพิมพ์ครั้งที่ 1
260    ^aกรุงเทพฯ :^bวิทยพัฒน์,^c2558
300    ^a204 หน้า :^bภาพประกอบ ;^c21 ซม.
500    ^aพื้นฐานทั่วไป
650  0 ^aStatistics
650  0 ^aResearch^xStatistical methods
650  4 ^aสถิติศาสตร์
650  4 ^aวิจัย^xระเบียบวิธีทางสถิติ
945    ^p130^l0^i001324
945    ^p130^l0^i001325
945    ^p130^l0^i001326
999    ^aเกษร โพธิ์สุวรรณ
รายการนี้ยังไม่มีแท็ก
คุณยังไม่ได้ล็อกอิน คุณสามารถมีกิจกรรมร่วมกับเว็บไซต์ได้ แต่ต้องล็อกอินก่อน ::
  ล็อกอิน

รายการสื่อสารสนเทศ

ลำดับที่ ประเภท เลขเรียก/บาร์โค้ด สถานที่ สถานะ
1. วิทยาศาสตร์การแพทย์ และสุขภาพ
หนังสือสำรอง
สถานะ=หนังสือสำรอง
HA62 อ399ส ฉ.1 
  Barcode: 001324
ห้องสมุดวิทยาเขตสวรรค์ประชารักษ์
►หนังสือทั่วไป
บนชั้น
2. วิทยาศาสตร์การแพทย์ และสุขภาพ
วิทยาศาสตร์การแพทย์ และสุขภาพ
HA62 อ399ส ฉ.2 
  Barcode: 001325
ห้องสมุดวิทยาเขตสวรรค์ประชารักษ์
►หนังสือทั่วไป
บนชั้น
3. วิทยาศาสตร์การแพทย์ และสุขภาพ
วิทยาศาสตร์การแพทย์ และสุขภาพ
HA62 อ399ส ฉ.3 
  Barcode: 001326
ห้องสมุดวิทยาเขตสวรรค์ประชารักษ์
►หนังสือทั่วไป
บนชั้น

รายการใกล้เคียง
    ผู้แต่ง [อรุณ จิรวัฒน์กุล]

    หัวเรื่อง [Statistics]
    หัวเรื่อง [สถิติศาสตร์]

BibComment


ยังไม่เคยถูกคอมเมนท์

คอมเมนท์ทรัพยากรรายการนี้
  คอมเมนท์: สถิติในงานวิจัย ..


 Copyright 2026. Bcnsprnw @Library